| 000 | 01997cam a22004454i 4500 | ||
|---|---|---|---|
| 003 | PE-LiUPU | ||
| 005 | 20250731183336.0 | ||
| 008 | 150513s1999 nyua rb 001 0 eng d | ||
| 020 | _a9781568981352 | ||
| 035 | _a(Sirsi) i9781568981352 | ||
| 040 |
_aPE-LiUPU _bspa _cPE-LiUPU _erda |
||
| 049 | _aPRUA | ||
| 082 | 0 | 4 |
_a711.409045 _bE46 |
| 100 | 1 |
_aEllin, Nan, _d1959-, _eautor. |
|
| 245 | 1 | 0 |
_aPostmodern urbanism / _cNan Ellin. |
| 250 | _arevised edition. | ||
| 264 | 1 |
_aNew York : _bPrinceton Architectural Press, _c1999. |
|
| 300 |
_aviii, 392 páginas : _bilustraciones ; _c23 centímetros |
||
| 336 |
_atext _2rdacontent |
||
| 337 |
_aunmediated _2rdamedia |
||
| 338 |
_avolume _2rdacarrier |
||
| 504 | _aBibliografía: páginas 335-379. | ||
| 504 | _aÍndice: páginas 380-392. | ||
| 505 | 0 | _aThe Romantic Resurgence -- Urban Design Theory on the European Continent -- Urban Design Theory: The Anglo-American Axis -- The Postmodern Reflex -- Themes of Postmodern Urbanism -- The Modern Project: Continued or Abandoned? -- Crisis in the Architectural Profession -- Reconceiving the City and Culture -- The Pendular Swing -- Timeline of Postmodern Urbanism. | |
| 526 | _aP158 | ||
| 526 | _aP146 | ||
| 526 | _aP17 | ||
| 526 | _aP12 | ||
| 526 | _aP06 | ||
| 541 | _g003-000777; | ||
| 650 | 4 | _aArquitectura Posmoderna. | |
| 650 | 4 |
_aArquitectura y sociedad _xHistoria _ySiglo XX. |
|
| 650 | 1 | 4 |
_aPlanificación urbana _xHistoria _ySiglo XX _vTemas, motivos. |
| 910 |
_ardg _bjck _crdg _d20150513 |
||
| 942 |
_2ddc _cBOOK |
||
| 949 |
_a711.409045 E46 _wDEWEY _c1 _i71250 _lCCODEBUL1 _mBUL _p39.68 _r0 _sY _tBOOK _u2015-5-13 _xINGENIERIA _PP06 _0COMPRA _o.STAFF. Colección General |
||
| 994 |
_aC0 _bPEPRU |
||
| 596 | _a1 | ||
| 999 |
_a711.409045 E46 _wDEWEY _c6162 _i71250 _f2021-11-9 _g7 _lCCODEBUL1 _mBUL _p39.68 _r0 _sY _tBOOK _u2015-5-13 _xINGENIERIA _PP06 _0COMPRA _o.STAFF. Colección General _d6162 |
||
| 980 |
_81 _gALBERTO SANCHEZ Responsable de Automatización |
||